书目信息 |
| 题名: |
土地整理与城镇地价
|
|
| 作者: | 刘金平 , 魏启福 著 | |
| 分册: | ||
| 出版信息: | 江苏徐州 中国矿业大学出版社 2002.01 |
|
| 页数: | 206页 | |
| 开本: | 18cm | |
| 丛书名: | ||
| 单 册: | ||
| 中图分类: | F323.24 | |
| 科图分类: | ||
| 主题词: | 农业经济--中国 | |
| 电子资源: | ||
| ISBN: | 7-81070-460-5 | |
| 000 | 00601nam0 2200193 45 | |
| 001 | 0336347642 | |
| 005 | 2003032910054764 | |
| 010 | @a7-81070-460-5@dRMB 20.00 | |
| 100 | @a20030329d2002 km y0chiy0120 ea | |
| 101 | 0 | @achi |
| 200 | 1 | @a土地整理与城镇地价@Atu di zheng li yu cheng zhen di jia@f刘金平,魏启福等著@FLiu Jin Ping,Wei Qi Fu Deng Zhu |
| 210 | @a江苏徐州@c中国矿业大学出版社@d2002.01 | |
| 215 | @a206页@d18cm | |
| 606 | 0 | @a农业经济@x中国 |
| 690 | @aF323.24@v3 | |
| 701 | 0 | @a刘金平@ALiu Jin Ping@4著 |
| 701 | 0 | @a魏启福@AWei Qi Fu@4著 |
| 801 | 0 | @aCN@bPFT@c20030329 |
| 905 | @a@dF323.24@eL634 | |
| 土地整理与城镇地价/刘金平,魏启福等著.-江苏徐州:中国矿业大学出版社,2002.01 |
| 206页;18cm |
| ISBN 7-81070-460-5:RMB 20.00 |
| ● |
| 相关链接 |
|
|
|
正题名:土地整理与城镇地价
索取号:F323.24/L634
 
预约/预借
| 序号 | 登录号 | 条形码 | 馆藏地/架位号 | 状态 | 备注 |
| 1 | 371129 | 203711297 | 社科二线422/409社科库 33排3列3层/ [索取号:F323.24/L634] | 在馆 | |
| 2 | 371130 | 203711304 | 社科库409/409社科库 33排3列3层/ [索取号:F323.24/L634] | 在馆 | |
| 3 | 371131 | 203711313 | 测绘与城市空间信息学院资料室/ [索取号:F323.24/L634] | 在馆 |